Power Electronics (Record no. 3398)

MARC details
000 -LEADER
fixed length control field 00433nam a2200181Ia 4500
008 - FIXED-LENGTH DATA ELEMENTS--GENERAL INFORMATION
fixed length control field 221030s9999 xx 000 0 und d
020 ## - INTERNATIONAL STANDARD BOOK NUMBER
ISBN 8185749531
041 ## - LANGUAGE CODE
Language code of text/sound track or separate title
082 ## - DEWEY DECIMAL CLASSIFICATION NUMBER
Classification number 105.23
Item number Gup
100 ## - MAIN ENTRY--AUTHOR NAME
Personal name B. R. Gupta
245 #0 - TITLE STATEMENT
Title Power Electronics
Statement of responsibility, etc by B. R. Gupta, V. Singhal
250 ## - EDITION STATEMENT
Edition statement 5th
260 ## - PUBLICATION, DISTRIBUTION, ETC. (IMPRINT)
Name of publisher S.K Kataria & Sons
Place of publication New Delhi
Year of publication 2006
300 ## - PHYSICAL DESCRIPTION
Number of Pages 593
650 ## - SUBJECT ADDED ENTRY--TOPICAL TERM
Topical Term ECE
700 ## - ADDED ENTRY--PERSONAL NAME
Personal name V. Singhal
942 ## - ADDED ENTRY ELEMENTS (KOHA)
Koha item type Books
Holdings
Accession Number Cost, normal purchase price Full call number Price effective from Koha item type Withdrawn / writtenoff status Materials specified (bound volume or other part) Damaged status Not for loan Permanent Location Current Location Shelving location Date acquired Lost/ Missing status department
BE 9084 185.00 105.23 Gup 10/30/2022 Books   Print     MIET Library, Jammu MIET Library, Jammu BL-Academic Block- A, FL-1, CUP-13, SH-3, R-3 12/04/2006   BE